| 000 | 01157nam a2200373 c 4500 | ||
|---|---|---|---|
| 001 | 15461 | ||
| 003 | ES-MaCES | ||
| 005 | 20141221122353.0 | ||
| 008 | 030814s2001 sp t 000 | spa d | ||
| 017 |
_aM 54133-2001 _bDL |
||
| 035 | _aCES20030011642m | ||
| 040 |
_aES-MaCES _bspa _cES-MaCES |
||
| 245 | 0 | 0 |
_aReproducción, embarazo y lactancia _b: guía para la prevención de riesgos laborales |
| 260 |
_a[Madrid] _bComisión Ejecutiva Confederal de UGT _c[2001] |
||
| 300 |
_a81 p. _c21 cm |
||
| 504 | _aBibliografía: p. 81 | ||
| 541 | _cGratuito | ||
| 650 | 4 |
_aseguridad en el trabajo _928348 |
|
| 650 | 4 |
_asalud en el trabajo _928347 |
|
| 650 | 4 |
_ariesgo _929564 |
|
| 650 | 4 |
_aprevención _929707 |
|
| 650 | 4 |
_areproducción _928650 |
|
| 650 | 4 |
_aembarazo _929243 |
|
| 650 | 4 |
_alactancia _929504 |
|
| 650 | 4 |
_aderechos de la mujer _927173 |
|
| 650 | 4 |
_atrabajadora _928413 |
|
| 650 | 4 |
_aEspaña _926964 |
|
| 650 | 4 |
_aguía _929262 |
|
| 653 | 1 | 0 | _aMujer |
| 710 | 2 |
_aUnión General de Trabajadores de España _eed. _95144 |
|
| 902 | _aDOC Literatura gris | ||
| 942 |
_2CES _cBK _h3.3. |
||
| 999 |
_c15461 _d15461 |
||